LEADER 01648nas 2200373 n 450 001 990008938190403321 005 20240229084244.0 035 $a000893819 035 $aFED01000893819 035 $a(Aleph)000893819FED01 035 $a000893819 091 $2CNR$aP 00073909 100 $a20161109b19681973km-y0itaa50------ba 101 0 $aeng 110 $aauu-------- 200 1 $aChannel 207 1$a1968-1973 210 $aCranfied$c[s.n.] 440 0$1001000894086$12001$aCivil engineering hydraulics abstracts 530 0 $aChannel 675 $a051 675 $a532 675 $a624 712 02$aBritish Hydromechanics Research Association 801 0$aIT$bACNP$c20090723 859 4 $uhttp://acnp.cib.unibo.it/cgi-ser/start/it/cnr/dc-p1.tcl?catno=48002&person=false&language=ITALIANO&libr=&libr_th=unina1$zBiblioteche che possiedono il periodico 901 $aSE 912 $a990008938190403321 958 $aBiblioteca. Dipartimento di Ingegneria Idraulica, Geotecnica e Ambientale. Sede di via Claudio (Idraulica e Ambientale). Università degli studi di Napoli Federico II$b1972;1973.$fDINID 959 $aDINID 996 $aChannel$9796725 997 $aUNINA AP1 8 $6866-01$aNA120 Biblioteca. Dipartimento di Ingegneria Idraulica, Geotecnica e Ambientale. Sede di via Claudio (Idraulica e Ambientale). Università degli studi di Napoli Federico II$ev. Claudio,21, Napoli (NA)$m(081) 7683431; fax 5938936$nit AP2 40$aacnp.cib.unibo.it$nACNP Italian Union Catalogue of Serials$uhttp://acnp.cib.unibo.it/cgi-ser/start/it/cnr/df-p.tcl?catno=48002&language=ITALIANO&libr=&person=&B=1&libr_th=unina&proposto=NO LEADER 02437oas 2200901 a 450 001 9910132897403321 005 20260218112610.0 035 $a(DE-599)ZDB2470102-6 035 $a(OCoLC)62768667 035 $a(CONSER) 2010250695 035 $a(CKB)110978977741481 035 $a(DE-599)2470102-6 035 $a(EXLCZ)99110978977741481 100 $a20051221a19769999 uf 101 0 $aeng 135 $aurmn|---||||| 181 $ctxt$2rdacontent 182 $cc$2rdamedia 183 $acr$2rdacarrier 200 14$aThe United Nations disarmament yearbook 210 $aNew York $cUnited Nations 311 08$a0252-5607 517 3 $aDisarmament yearbook 517 3 $aUN disarmament yearbook 517 1 $aDDA yearbook 606 $aDisarmament$vPeriodicals 606 $aDisarmament$2fast$3(OCoLC)fst00894688 606 $aAbrüstung$2gnd 606 $aOntwapening$2gtt 606 $aWapenbeheersing$2gtt 606 $aInternationale veiligheid$2gtt 606 $aDISARMAMENT$2unbist 608 $aZeitschrift. 608 $aPeriodicals.$2fast 608 $aPeriodicals.$2lcgft 608 $aZeitschrift.$2swd 615 0$aDisarmament 615 7$aDisarmament. 615 7$aAbrüstung. 615 17$aOntwapening. 615 17$aWapenbeheersing. 615 17$aInternationale veiligheid. 615 17$aDISARMAMENT. 712 02$aUnited Nations.$bDepartment of Political and Security Council Affairs. 712 02$aUnited Nations Centre for Disarmament 712 02$aUnited Nations.$bDepartment for Disarmament Affairs. 712 02$aUnited Nations.$bOffice for Disarmament Affairs. 712 02$aUnited Nations.$bCentre for Disarmament Affairs. 712 02$aUnited Nations.$bDepartment for Disarmament Affairs (1998- ). 801 0$bZCU 801 1$bZCU 801 2$bTKF 801 2$bEYM 801 2$bBUF 801 2$bOCLCE 801 2$bHEBIS 801 2$bOCLCQ 801 2$bOCLCO 801 2$bOCLCA 801 2$bOCLCQ 801 2$bOCLCA 801 2$bOCLCF 801 2$bCOO 801 2$bOCLCO 801 2$bOCLCQ 801 2$bOCLCO 801 2$bOCLCQ 801 2$bOCLCO 801 2$bNJR 801 2$bOCLCO 801 2$bVT2 801 2$bOCLCA 801 2$bOCLCL 801 2$bOCLCQ 906 $aJOURNAL 912 $a9910132897403321 996 $aUNITED Nations disarmament Yearbook$9577251 997 $aUNINA